Vitajte v Prešovskom kraji II - Marketingová analýza

Salvato in:
Dettagli Bibliografici
Autore principale: Dorčák, Peter, 1979-
Ente Autore: Slovenská marketingová asociácia, o.z
Altri autori: Pollák, František, 1985-, Mudrík, Martin, Sýkorová, Mária, Dorčáková, Ingrid, 1978-, Bačík, Radovan, Gburová, Jaroslava
Natura: Libro
Lingua:slovacco
Pubblicazione: Prešov Bookman 2013
Edizione:1. vyd.
Soggetti:
Tags: Aggiungi Tag
Nessun Tag, puoi essere il primo ad aggiungerne!!

MARC

LEADER 00000nam a2200000 4500
001 0226765
005 20240502073733.8
020 |a 978-80-89568-78-9 
041 0 |a slo 
044 |a SK 
245 1 0 |a Vitajte v Prešovskom kraji II - Marketingová analýza  |c Peter Dorčák a kolektív ; recenzenti: Radovan Bačík, Jaroslava Gburová 
250 |a 1. vyd. 
264 1 |a Prešov  |b Bookman  |c 2013 
300 |a 115 s. [5,36 AH] 
610 2 0 |a marketing 
610 2 0 |a kraje 
610 2 0 |a ruch cestovný 
610 2 0 |a regióny 
610 2 0 |a propagácia 
610 2 0 |a reklama 
100 1 |a Dorčák, Peter, 1979- 
700 1 |a Pollák, František, 1985- 
700 1 |a Mudrík, Martin 
700 1 |a Sýkorová, Mária 
700 1 |a Dorčáková, Ingrid, 1978- 
700 1 |a Bačík, Radovan 
700 1 |a Gburová, Jaroslava 
710 2 |a Slovenská marketingová asociácia, o.z.